Lady Gaga - Albums par images - Statistiques

Statistiques générales
  • Ce quiz a été pris 38 fois
  • Le résultat moyen est 8 sur 9
Statistiques - réponses
Par images Réponse % Correct
ARTPOP
97%
Born This Way
94%
Mayhem
94%
The Fame
94%
Chromatica
91%
Joanne
91%
Harlequin
78%
Cheek to Cheek
72%
Love for Sale
59%
Aucun quiz correspondant
Distribution des résultats
% des personnes avec chaque résultat
Percentile par nombre de réponses
Votre historique - résultats
Vous n’avez pas pris ce quiz